| 000 | 00410nam a2200145 a 4500 | ||
|---|---|---|---|
| 005 | 20210219152810.0 | ||
| 008 | 991125n jal 000 0 spa u | ||
| 035 | _aUPN01000061588 | ||
| 049 | _aAcervo histórico | ||
| 245 | 0 | 0 | _aREVISTA DE EDUCACION (JALAPA, VERACRUZ, MEX) |
| 260 |
_aJalapa, Veracruz, México _bEscuela Normal Veracruzana |
||
| 310 | _aBimestral | ||
| 362 | 0 | _a1929 1 (3) | |
| 905 | _aRevista | ||
| 999 |
_c61130 _d61130 |
||